000 00212as aa2200097a 44500
090 _aSERIADAS
_b01274
245 1 0 _aWildlife Conservation Society
041 0 _aInglés
260 _aEstados Unidos
942 _cREVISTA
999 _c17183
_d17183